All League of Legends Champions 2025 (Zaahen) - Statistics

General Stats
  • This quiz has been taken 22,056 times
    3,458 since last reset
  • The average score is 112 of 172
Answer Stats
Answer % Correct
Aatrox
92%
Vi
91%
Mel
89%
Ahri
87%
Darius
86%
Garen
86%
Jinx
86%
Caitlyn
85%
Lux
84%
Ashe
83%
Yasuo
83%
Akali
82%
Zaahen
82%
Yone
81%
Anivia
79%
Annie
79%
Azir
78%
Blitzcrank
78%
Teemo
78%
Lulu
77%
Warwick
77%
Zed
77%
Ambessa
76%
Braum
76%
Miss Fortune
76%
Draven
75%
Ekko
74%
Viego
74%
Xerath
74%
Alistar
73%
Aurelion Sol
73%
Ezreal
73%
Heimerdinger
73%
Kai'sa
73%
Nautilus
73%
Renekton
73%
Jhin
72%
Leona
72%
Lucian
72%
Xin Zhao
72%
Amumu
71%
Aphelios
71%
Jayce
71%
Ornn
71%
Tristana
71%
Bard
70%
Jarvan IV
70%
Katarina
70%
Morgana
70%
Senna
70%
Viktor
70%
Yuumi
70%
Akshan
69%
Nasus
69%
Thresh
69%
Vayne
69%
Volibear
69%
Brand
68%
Galio
68%
Gangplank
68%
Varus
68%
Veigar
68%
Cho'Gath
67%
Diana
67%
Dr Mundo
67%
Fizz
67%
Irelia
67%
Mordekaiser
67%
Pyke
67%
Bel'Veth
66%
Fiddlesticks
66%
Kalista
66%
Kayn
66%
Master Yi
66%
Rakan
66%
Tryndamere
66%
Vel'koz
66%
Xayah
66%
Zoe
66%
Illaoi
65%
Nami
65%
Singed
65%
Graves
64%
Hecarim
64%
Jax
64%
Kayle
64%
Kha'zix
64%
Malphite
64%
Orianna
64%
Pantheon
64%
Poppy
64%
Rek'sai
64%
Rengar
64%
Rumble
64%
Seraphine
64%
Sion
64%
Sona
64%
Twisted Fate
64%
Zilean
64%
Zyra
64%
Fiora
63%
LeBlanc
63%
Lissandra
63%
Samira
63%
Sylas
63%
Quinn
62%
Sett
62%
Yorick
62%
Zac
62%
Camille
61%
Milio
61%
Qiyana
61%
Ziggs
61%
Briar
60%
Corki
60%
Janna
60%
Kassadin
60%
Nunu & Willump
60%
Sejuani
60%
Shen
60%
Swain
60%
Urgot
60%
Zeri
60%
Evelynn
59%
Gragas
59%
Kennen
59%
Naafiri
59%
Nidalee
59%
Soraka
59%
Yunara
59%
Cassiopeia
58%
Elise
58%
Ivern
58%
Lee Sin
58%
Malzahar
58%
Neeko
58%
Gwen
57%
Maokai
57%
Taric
57%
Gnar
56%
Kog'maw
56%
Tahm Kench
56%
Trundle
56%
Twitch
56%
Vladimir
56%
Karma
55%
Shyvana
55%
Sivir
55%
Syndra
55%
Talon
55%
K'Sante
54%
Nocturne
54%
Olaf
54%
Rammus
54%
Riven
54%
Ryze
54%
Shaco
54%
Wukong
53%
Aurora
52%
Udyr
52%
Vex
52%
Karthus
51%
Kindred
51%
Lillia
51%
Kled
49%
Rell
49%
Smolder
49%
Hwei
48%
Renata Glasc
48%
Skarner
47%
Taliyah
47%
Nilah
46%
No matching quizzes found
Score Distribution
Percent of People with Each Score
Percentile by Number Answered
Your Score History
You have not taken this quiz since the last reset